| 000 | 00367pam a2200157 a 4500 | ||
|---|---|---|---|
| 020 | _c | ||
| 041 | _h | ||
| 082 |
_a658.45000000000005 _bROS |
||
| 100 | _aRosenberg,, A., D | ||
| 245 |
_aResume Handbook _hTextual Documents |
||
| 250 | _a4th ed | ||
| 260 |
_aMumbai _bViva Book Private Limited _c2008 |
||
| 300 | _aXII/145 | ||
| 700 | _aHizer,, D. | ||
| 930 | _a8476 | ||
| 999 |
_c115303 _d115303 |
||